000 00527cam a2200193ua 4500
001 1009
008 110426n ii |||gr||||Z||||||eng
020 _a81-7044-287-7
040 _cMAIN
082 _a320.954
245 1 _aRecent trends in indian government and politics
_cby Bhawani Singh
250 _a1st.
260 _aJaipur:
_bPrintwell,991.
300 _aix, 256p.:5cm.
653 _aPolitical science
653 _aRecent trends in indian government and politics
700 _aSingh, Bhawani.,
_eAuthor.
942 _cBK
999 _c928
_d928